<?xml version="1.0" encoding="UTF-8"?>
<record
    xmlns:xsi="http://www.w3.org/2001/XMLSchema-instance"
    xsi:schemaLocation="http://www.loc.gov/MARC21/slim http://www.loc.gov/standards/marcxml/schema/MARC21slim.xsd"
    xmlns="http://www.loc.gov/MARC21/slim">

  <leader>01946nam a2200241Ia 4500</leader>
  <controlfield tag="003">Ost</controlfield>
  <controlfield tag="005">20260426125805.0</controlfield>
  <controlfield tag="008">260426s9999||||xx |||||||||||||| ||und||</controlfield>
  <datafield tag="040" ind1=" " ind2=" ">
    <subfield code="c">fsecg</subfield>
  </datafield>
  <datafield tag="041" ind1=" " ind2=" ">
    <subfield code="a">eng</subfield>
  </datafield>
  <datafield tag="082" ind1=" " ind2=" ">
    <subfield code="a">519.2</subfield>
  </datafield>
  <datafield tag="100" ind1=" " ind2=" ">
    <subfield code="a">Touatte, Othmane</subfield>
    <subfield code="e">Author</subfield>
  </datafield>
  <datafield tag="245" ind1=" " ind2="0">
    <subfield code="a">Handout in statistics 3 /</subfield>
    <subfield code="c">Othmane Touatte</subfield>
  </datafield>
  <datafield tag="260" ind1=" " ind2=" ">
    <subfield code="a">Algiers :</subfield>
    <subfield code="b">University of Algiers 3 Faculty of Economics Commercial Sciences and Management,</subfield>
    <subfield code="c">2026</subfield>
  </datafield>
  <datafield tag="300" ind1=" " ind2=" ">
    <subfield code="a">101 paper, </subfield>
    <subfield code="c">12 cm</subfield>
  </datafield>
  <datafield tag="504" ind1=" " ind2=" ">
    <subfield code="a">Idex paper 98 -101  refrences paper 6</subfield>
  </datafield>
  <datafield tag="520" ind1=" " ind2=" ">
    <subfield code="a">This handout presents the main concepts and applications of Statistics 3 for second-year students in economics, commercial sciences, and management. It aims to provide a comprehensive introduction to probability distributions and their role in statistical analysis and decision-making. The material explains both discrete and continuous probability distributions and highlights their theoretical foundations and practical applications. Key discrete distributions discussed include the uniform, Bernoulli, binomial, Poisson, geometric, and hypergeometric distributions. Continuous distributions such as the uniform, normal, exponential, gamma, beta, chi-square, Student&#x2019;s t, and Fisher&#x2019;s F distributions are also examined. The handout further explores joint distributions of two random variables, including marginal and conditional distributions, covariance, and correlation. Through explanations, examples, and practical exercises, students develop analytical and problem-solving skills. The objective is to help learners understand statistical concepts and apply them effectively in real-world contexts related to economics, business, and data analysis.</subfield>
  </datafield>
  <datafield tag="653" ind1=" " ind2=" ">
    <subfield code="a">Mathematical statistics</subfield>
  </datafield>
  <datafield tag="653" ind1=" " ind2=" ">
    <subfield code="a">Probability Distributions</subfield>
  </datafield>
  <datafield tag="653" ind1=" " ind2=" ">
    <subfield code="a">Statistics</subfield>
  </datafield>
  <datafield tag="710" ind1=" " ind2=" ">
    <subfield code="a">University of Algiers 3 Faculty of Economics Commercial Sciences and Management</subfield>
    <subfield code="e">Scientific publisher</subfield>
  </datafield>
  <datafield tag="942" ind1=" " ind2=" ">
    <subfield code="c">HANDOUT</subfield>
  </datafield>
  <datafield tag="999" ind1=" " ind2=" ">
    <subfield code="c">41510</subfield>
    <subfield code="d">41510</subfield>
  </datafield>
</record>
